000 00671nam a22002417a 4500
003 UA-OsUOA
001 77082
007 ta
008 20110831b un ||||| |||| 00| 0 ukr d
100 _aМирошниченко Н.А.
090 _a343.9
_bМ64
942 _cBK
040 _aUA-OsUOA
_brus
_cUA-OsUOA
_dUA-OsUOA
245 _aСостав преступления
_bтекст лекций
300 _a74 с.
955 _a2
041 _arus
080 _a343.9
260 _aОдесса
_bФеникс
_c2006
250 _nизд. 2-е, доп.
650 7 _a343 Кримінальне право. Карні порушення
_2UDC
999 _c363386
_d363386